00616nam a2200169 a 450000100100000000500170001000800410002704000250006808200150009310000260010824500500013426000720018430000400025650000460029650000310034250000730037300004266620201002040318.0140204s1876 enkab 000 0 spa d aDO-SdBNPbspacBNPHU axxxxbxxxx1 aBidwell, Charles Toll10aThe Balearic Islands /cCharles Toll Bidwell. aLondon, París :bSampson Low, Marston, Searle & Rivington,c1876. aVII, 341 p. :bil., mapas ;c23 cm. aLa biblioteca posee la reimpresión 1978 aWith map and illustrations aIncluye referencias bibliográficas y notas al pie de las páginas